000 00741nam a22003010a 4500
001 PT58403
003 AR-LpoUNG
005 20210131231858.0
008 191001s1995||||ag |||||||||||||||||spa d
020 _a9505111924
_c$23
040 _aAR-LpoUNG
_bspa
_cAR-LpoUNG
_eaacr
041 _aspa
044 _aag
082 0 _aA863 827tod
100 1 _aCortázar, Julio
245 1 0 _aTodos los fuegos el fuego
250 _a1ra. ed.
260 _aBuenos Aires :
_bAlfaguara,
_c1995.
300 _a174 p. :
_bil.
650 4 _aARGENTINA
650 4 _aCUENTOS
650 4 _aFICCION
650 4 _aLITERATURA
651 4 _aDOCUMENTOS TEORICOS O METODOLOGICOS
653 _aLITERATURA ARGENTINA
905 _a58403
942 _cLIB
999 _c12374
_d12374